Reglamento Orgánico de la Escuela Municipal de Artes y Oficios de la Villa de Gracia
Descripción Física:
37 p. ; 22 cm
MARC
| LEADER | 00000nam a2200000Ia 4500 | ||
|---|---|---|---|
| 001 | 12793 | ||
| 003 | BGR | ||
| 005 | 20260410113641.0 | ||
| 008 | 160829s1891 xx 000 0 cat d | ||
| 080 | |a RF-8-61 | ||
| 110 | 1 | |a Escuela Municipal de Artes y Oficios de la Villa de Gracia (Barcelona) |9 70831 | |
| 245 | |a Reglamento Orgánico de la Escuela Municipal de Artes y Oficios de la Villa de Gracia | ||
| 260 | |a [Barcelona] : |b [s.n.], |c 1891 | ||
| 300 | |a 37 p. ; |c 22 cm | ||
| 590 | |a Prové de 1383 exp. 30 | ||
| 610 | 1 | 0 | |a Escuela Municipal de Artes y Oficios de la Villa de Gracia (Barcelona) |9 70831 |
| 856 | 4 | |u https://media.diba.cat/diba/fitxers/arxiu/fulletons/bib_12793_1891_baixa.pdf |y Accés lliure | |
| 856 | 4 | |u https://media.diba.cat/diba/fitxers/arxiu/fulletons/bib_12793_1891_baixa.pdf |y Accés lliure | |
| 900 | |a bib_12793_1891_baixa.pdf | ||
| 901 | |a Arxiu | ||
| 942 | |n 1 |2 udc |c MON | ||
| 952 | |0 0 |1 0 |4 0 |6 RF861 |7 1 |9 53487 |a Arxiu |b Arxiu |d 2016-12-01 |l 0 |o RF-8-61 |p 12793 |r 2016-12-01 00:00:00 |w 2016-12-01 |y ARXIU | ||
| 999 | |c 57353 |d 57353 | ||